|
|
|
|
| LEADER |
00000nam a2200000 a 4500 |
| 001 |
vtls001412745 |
| 003 |
SK-MaSNL |
| 005 |
20260301012518.0 |
| 008 |
251112s1920 xx 0 und |
| 035 |
|
|
|a SNK000367466
|
| 040 |
|
|
|a SNK
|b slo
|c SNK
|e AACR2
|
| 100 |
1 |
|
|a Krčméry, Štefan,
|d 1892-1955
|4 aut
|9 5358
|
| 245 |
1 |
0 |
|a Prehľad dejín slovenskej literatúry a vzdelanosti
|c Štefan Krčméry
|
| 260 |
|
|
|a V Turčianskom Sv. Martine
|b "Svetová knižnica"
|c 1920
|
| 300 |
|
|
|a 125 s.
|
| 700 |
1 |
|
|a Vaško, Imrich,
|d 1936-2010
|4 dnr
|9 206049
|
| 999 |
|
|
|c 553713
|d 555643
|
| 952 |
|
|
|t P60, <04>, [BOOK], {604}
|a SNK
|b SNK
|y VYP
|7 0
|p 17A0297703
|o snkSD 666 D4
|0 0
|1 0
|4 0
|d 2001-05-07
|l 0
|r 2005-01-02 00:00:00
|w 2026-02-23
|